Film dont le titre commence par un Q (1) Version facile - Statistiques

Statistiques générales
  • Ce quiz a été pris 6 fois
  • Le résultat moyen est 4 sur 30
Statistiques - réponses
Année Réalisateur Genre 1 acteur ou
1 actrice
Titre Indice facile % Correct
1994 Mike Newell Comédie dramatique Hugh Grant Quatre mariages et un enterrement Quatre
67%
1988 Robert Zemeckis Comédie Bob Hoskins Qui veut la peau de Roger Rabbit ? veut
67%
1939 Williem Dieterle Drame Charles Laughton Quasimodo *
50%
1999 Patrick Timsit Comédie Richard Berry Quasimodo d'el Paris Paris
50%
1972 Georges Lautner Comédie Jean Lefebvre Quelques messieurs trop tranquilles messieurs
33%
2001 Patrick Timsit Comédie José Garcia Quelqu'un de bien bien
33%
1969 Claude Chabrol Drame Jean Yanne Que la bête meure bête
17%
1982 Denys Granier-Deferre Comédie Daniel Auteuil Que les gros salaires lèvent le doigt gros
17%
1988 Claude Sautet Comédie dramatique Daniel Auteuil Quelques jours avec moi jours
17%
2004 Laurent Bénégui Comédie Thierry Lhermitte Qui perd gagne gagne
17%
1951 Mervyn LeRoy Historique Robert Taylor Quo vadis *
17%
1969 Cécil Saint-Laurent Comédie dramatique Jean-Pierre Marielle Quarante-huit heures d'amour amour
0%
1939 Pierre Colombier Comédie dramatique Junie Astor Quartier latin *
0%
1932 René Clair Comédie dramatique Annabella Quatorze juillet *
0%
1938 Michael Curtiz Comédie Errol Flynn Quatre au paradis Quatre
0%
1930 Georg Wilhelm Pabst Guerre Fritz Kampers Quatre de l'Infanterie Quatre
0%
1954 Allan Dwan Western John Payne Quatre étranges cavaliers étranges
0%
1955 André Berthomieu Musical Darry Cowl Quatre jours à Paris Paris
0%
1969 Gillo Pontecorvo Drame Marlon Brando Queimada *
0%
1946 Joseph Mankiewicz Aventures John Hodiak Quelque part dans la nuit nuit
0%
1942 Jules Dassin Comédie dramatique John Wayne Quelque part en France France
0%
2012 Stéphane Brizé Drame Vincent Lindon Quelques heures de printemps heures
0%
1955 Richard Thorpe Comédie dramatique Robert Taylor Quentin Durward *
0%
1967 Otto Preminger Drame Michael Caine Que vienne la nuit Que
0%
1966 Mike Nichols Comédie dramatique Elizabeth Taylor Qui a peur de Virgnia Woolf ? Qui
0%
1960 Yves Ciampi Espionnage Thomas Holtzmann Qui êtes vous Monsieur Sorge ? Qui
0%
1966 Williem Klein Comédie Dorothy McGowan Qui êtes-vous Polly Maggoo ? Qui
0%
1979 Robert Altman Fantastique Paul Newman Quintet *
0%
1962 Vincente Minnelli Comédie dramatique Kirk Douglas Quinze jours ailleurs jours
0%
2014 Marianne Tardieu Comédie Rachid Debbouze Qui vive *
0%
Aucun quiz correspondant
Distribution des résultats
% des personnes avec chaque résultat
Percentile par nombre de réponses
Votre historique - résultats
Vous n’avez pas pris ce quiz